00637nam a2200169Ia 4500008004100000100002100041245013700062260000900199300001500208504000800223650002200231700004200253773002100295906002200316999001900338952011000357181130s2018 xx 000 0 und d aCharnoz, Pauline aCommunication costs and the internal organisation of multi-plant businesses:bevidence from the impact of the French high-speed rail c2018 ap.949-994. dMay aRailways - France aLelarge, Claire and Trevien, Corentin aEconomic Journal aRailways - France c506543d506543 00104070aIIPAbIIPAd2018-12-07h128(610), May, 2018: p.949-994.pAR118338r2018-12-07w2018-12-07yAR